| 000 | 00476nam a2200145Ia 4500 | ||
|---|---|---|---|
| 005 | 20260304121208.0 | ||
| 022 | _a0794-7410 | ||
| 050 | _aRC46. J68 | ||
| 245 | _aJournal of Community Medicine and Primary Health Care | ||
| 250 | _aVol. 36, No. 3 | ||
| 260 |
_aNigeria _bAssociation of Public Health Physicians of Nigeria (APHPN) _c2024 |
||
| 300 | _aii. 138 p. : ill. ; 28 cm. | ||
| 650 | _aPrimary care (Medicine)-- Periodicals Public health-- Periodicals | ||
| 942 |
_cSR _2lcc |
||
| 999 |
_c37358 _d37358 |
||